| 000 | 00350nam a2200145Ia 4500 | ||
|---|---|---|---|
| 008 | 230312s9999||||xx |||||||||||||| ||und|| | ||
| 020 | _a93-325-082-31 | ||
| 082 |
_a720.19 _bMCK-B |
||
| 100 | _aMckay;W.B | ||
| 245 | 0 | _aBuilding Construction | |
| 260 |
_bPearson _aAsia _c2015 |
||
| 300 | _a170 | ||
| 650 |
_aArchitecture _vArt & Design |
||
| 942 | _cBK | ||
| 999 |
_c11738 _d11738 |
||